00920 2200313 4500001002100000005001500021035002000036007000300056008004100059020002200100040002200122082001400144084001600158090002000174090002200194100002900216245006000245250003100305300004800336650003700384850001200421041000800433504003300441264003600474336002100510337003000531338002300561990002200584INLIS00000000084629620190423100945 a0010-0419001155ta190423s2018 yoia g ind d a978-602-475-391-7 aYOPDYOGbinderda04223a910.2 a910.2 SUP g aDEP 910.2 SUP g aCB-D.11 2018-17400 aSuprionod1984-epenulis10aGerbang masuk pariwisata Indonesia /cpenulis, Supriono aCetakan pertama: Juli 2018 ax, 103 halaman :bilustrasi, tabel ;c23 cm 4aIndustri pariwisata--zIndonesia aYOPDYOG0 aind aBibliografi: halaman 101-102 1aYogyakarta :bDeepublish,c2018 2rdacontentateks 2rdamediaatanpa perantara 2rdacarrieravolume aCB-D.11/2018-1740